Statistiken für Voc Medias In Res Lektion 34

Klicken Sie hier um das Quiz zu spielen!

Allgemein

  • Dieses Quiz wurde 5 mal gespielt
  • Das Durchschnittsergebnis liegt bei 9 aus 42

Antwortstatistiken

LateinDeutsch% Korrekt
panisBrot
100%
sedesSitz
75%
negareverneinen
75%
voluntasWille
75%
adderehinzufügen
50%
panispanis m
50%
incolerebewohnen
25%
expeririexpertus sum
25%
locaGegend
25%
beatusglücklich
25%
odihassen
25%
noscerekennenlernen
25%
regiusköniglich
25%
malummali n
25%
negarenegavi negatum
25%
veloder
25%
opsopis f
25%
optareoptavi optatum
25%
reditusreditus m
25%
opesReichtum
25%
reditusRückkehr
25%
sapienssapientis
25%
cibusSpeise
25%
expeririversuchen
25%
voluntasvoluntatis f
25%
sapiensweise
25%
addereaddidi additum
0%
comesBegleiter
0%
cibuscibi m
0%
comescomitis m
0%
fisfieri factus sum
0%
fisgeschehen
0%
opsHilfe
0%
incolereincolui incultum
0%
localocorum n
0%
noscerenovi notum
0%
odiodisti odisse
0%
opesopum f
0%
sedessedis f
0%
malumÜbel
0%
quicumquewelcher auch immer
0%
optarewünschen
0%

Verteilung der Resultate

Perzentil nach korrekt beantworteten Fragen

Anzahl Personen mit jedem Resultat

Ihre Resultats-Entwicklung

Sie haben dieses Quiz noch nicht gespielt